Estudio de la formación de capital en Costa Rica durante el periodo 1957-1967

Gardado en:
Detalles Bibliográficos
Autor Principal: Vargas Marín, Alvaro
Formato: Texto
Publicado: San José :
Etiquetas: Engadir etiqueta
Sen Etiquetas, Sexa o primeiro en etiquetar este rexistro!

MARC

LEADER 00000 a a2200000 04500
001 17996
003
040
090 |a EXTRAVIADO  
100 |a Vargas Marín, Alvaro  
245 |a Estudio de la formación de capital en Costa Rica durante el periodo 1957-1967  
260 |a San José :  
300 |a 43 p.  
999 |c 12138  |d 12138